书目信息 |
| 题名: |
纪录片创作
|
|
| 作者: | 朱景和 著 | |
| 分册: | ||
| 出版信息: | 北京 中国人民大学出版社 2008.07 |
|
| 页数: | 348页 | |
| 开本: | 23cm | |
| 丛书名: | ||
| 单 册: | ||
| 中图分类: | J952 | |
| 科图分类: | ||
| 主题词: | 纪录片--制作--教材 | |
| 电子资源: | ||
| ISBN: | 978-7-300-09471-7 | |
| 000 | 00818nam0 2200253 450 | |
| 001 | 012004274601 | |
| 005 | 20091207100525.98 | |
| 010 | @a978-7-300-09471-7@dCNY39.80 | |
| 100 | @a20080902d2008 em y0chiy0110 ea | |
| 101 | 0 | @achi |
| 102 | @aCN@b110000 | |
| 105 | @aa z 000yy | |
| 106 | @ar | |
| 200 | 1 | @a纪录片创作@9ji lu pian chuang zuo@f朱景和著 |
| 205 | @a2版 | |
| 210 | @a北京@c中国人民大学出版社@d2008.07 | |
| 215 | @a348页@c图,照片@d23cm | |
| 300 | @a21世纪新闻传播学系列教材 | |
| 330 | @a本书阐述了纪录片的范畴与属性、纪录片学派及创作方法演变、我国纪录片发展、纪录片的艺术特性、纪录片的审美特性、选题策划与采访、采访与拍摄等内容。 | |
| 606 | 0 | @a纪录片@x制作@j教材 |
| 690 | @aJ952@v4 | |
| 701 | 0 | @a朱景和@9zhu jing he@4著 |
| 801 | 0 | @aCN@bNLC@c20091207 |
| 905 | @b20796603-07@dJ952@e227=2@f5 | |
| 纪录片创作/朱景和著.-2版.-北京:中国人民大学出版社,2008.07 |
| 348页:图,照片;23cm |
| 21世纪新闻传播学系列教材 |
| ISBN 978-7-300-09471-7:CNY39.80 |
| 本书阐述了纪录片的范畴与属性、纪录片学派及创作方法演变、我国纪录片发展、纪录片的艺术特性、纪录片的审美特性、选题策划与采访、采访与拍摄等内容。 |
| ● |
| 相关链接 |
|
|
|
|
正题名:纪录片创作
索取号:J952/227=2
 
预约/预借
| 序号 | 登录号 | 条形码 | 馆藏地/架位号 | 状态 | 备注 |
| 1 | 796603 | 207966030 | 第一样本阅览室/ [索取号:J952/227=2] | 在馆 | |
| 2 | 796604 | 207966049 | 第一借阅区/ [索取号:J952/227=2] | 在馆 | |
| 3 | 796605 | 207966058 | 第一借阅区/ [索取号:J952/227=2] | 在馆 | |
| 4 | 796606 | 207966067 | 第一借阅区/ [索取号:J952/227=2] | 在馆 | |
| 5 | 796607 | 207966076 | 密集书库-文学院/ [索取号:J952/227=2] | 在馆 |